Lịch sử thế giới trung đại

שמור ב:
מידע ביבליוגרפי
פורמט: ספר
שפה:Undetermined
יצא לאור: Hà Nội Giáo Dục 1999
נושאים:
תגים: הוספת תג
אין תגיות, היה/י הראשונ/ה לתייג את הרשומה!
Thư viện lưu trữ: Trung tâm Học liệu Trường Đại học Cần Thơ
LEADER 00536nam a2200193Ia 4500
001 CTU_36482
008 210402s9999 xx 000 0 und d
020 |c 39000 
082 |a 940.1 
082 |b L302 
245 0 |a Lịch sử thế giới trung đại 
245 0 |c Nguyễn Gia Phu ... [ et al. ] 
260 |a Hà Nội 
260 |b Giáo Dục 
260 |c 1999 
650 |a Middle ages,World history 
650 |x History 
904 |i QHieu (sửa) 
980 |a Trung tâm Học liệu Trường Đại học Cần Thơ